Les plus grandes aires urbaines d'Europe - Statistiques

Statistiques générales
  • Ce quiz a été pris 222 fois
  • Le résultat moyen est 19 sur 25
Statistiques - réponses
RANG PAYS POP. VILLE % Correct
3 France 13 114 718 Paris
100%
1 Russie 20 215 638 Moscou
99%
11 Allemagne 4 469 439 Berlin
98%
2 Royaume-Uni 14 372 596 Londres
98%
13 Italie 4 340 474 Rome
96%
7 Espagne 6 475 872 Madrid
95%
9 Espagne 5 407 264 Barcelone
93%
10 Ukraine 4 660 231 Kiev
93%
25 Portugal 2 812 678 Lisbonne
89%
6 Italie 8 247 125 Milan
89%
24 Allemagne 2 879 107 Munich
87%
16 Grèce 3 742 235 Athènes
86%
22 Belgique 2 967 513 Bruxelles
86%
8 Russie 6 290 174 Saint-Pétersbourg
85%
18 Pologne 3 386 904 Varsovie
84%
12 Italie 4 434 136 Naples
83%
23 Danemark 2 931 445 Copenhague
82%
19 Hongrie 3 303 786 Budapest
77%
20 Allemagne 3 173 871 Hambourg
71%
15 Allemagne 3 794 360 Francfort
68%
17 Royaume-Uni 3 689 233 Birmingham
57%
21 Allemagne 2 996 440 Stuttgart
33%
4 Allemagne 10 642 890 Rhin-Ruhr
9%
5 Pays-Bas 8 366 078 Randstad
6%
14 Danemark 3 894 365 Øresund
1%
Aucun quiz correspondant
Distribution des résultats
% des personnes avec chaque résultat
Percentile par nombre de réponses
Votre historique - résultats
Vous n’avez pas pris ce quiz